000 00679nam a22002537a 4500
003 CHAP
005 20220329140838.0
008 971013s1979 r 00010 d
010 _a58505
011 _a59477
035 _a63635
040 _cCHAP
082 _a635
_bR9
100 0 0 _aRyder, Edward J.
_9101035
245 _aLeafy salad vegetables
260 _aWestport, Conn. :
_bAVI,
_c1979
300 _a266 p.
_b: ilus.
590 _aBATCH-UPD
_b10
_c20130110
_lUCH01
_h0557
590 _aCONVERSION
_b10
_c20130109
_lUCH01
_h1331
650 1 4 _aLegumbres.
_965680
901 _aBK
942 _cLIBRO
949 _a635 R9
_bBC
_cLIBRO
_d33724000249215
_eLIBRO
_h52478
_i63635
_si
999 _c58505
_d58505